[Event "Gibraltar Challengers-A"]
[Site "Caleta"]
[Date "2018.01.24"]
[Round "3"]
[White "Gonzalez Gonzalez, Alfonso"]
[Black "Bozinovic, Boban"]
[Result "1-0"]
[WhiteElo "2192"]
[BlackElo "1972"]
[PlyCount "97"]
[EventDate "2018.01.22"]
[EventType "swiss"]
[EventRounds "5"]
[EventCountry "GGB"]
[SourceTitle "EXT 2019"]
[Source "ChessBase"]
[SourceDate "2018.10.10"]
[SourceVersion "1"]
[SourceVersionDate "2018.10.10"]
[SourceQuality "1"]

1. d4 c5 2. d5 g6 3. Nc3 Bg7 4. Nf3 d6 5. g3 Nf6 6. Bg2 0-0 7. 0-0 a6 8. a4 Qc7 9. e4 Bg4 10. h3 Bxf3 11. Qxf3 Nbd7 12. Qe2 Rab8 13. Bg5 h6 14. Be3 Kh7 15. g4 Rbc8 16. f4 Ne8 17. h4 Bd4 18. Nd1 Bxe3+ 19. Nxe3 c4 20. Rf2 b5 21. axb5 axb5 22. Bf3 Ng7 23. Re1 Qb6 24. Rd1 Ra8 25. Rd2 Rfc8 26. Nd1 f6 27. Kh2 Ra2 28. e5 fxe5 29. Be4 Rf8 30. g5 hxg5 31. fxg5 Rxf2+ 32. Nxf2 Ra8 33. h5 Rf8 34. hxg6+ Kg8 35. Nh3 Nc5 36. Bg2 Qd8 37. b4 cxb3 38. cxb3 b4 39. Qc4 Qe8 40. Be4 Nxe4 41. Qxe4 Rf5 42. Rc2 Qxg6 43. Rc8+ Kf7 44. Rh8 Nh5 45. Rxh5 Rf2+ 46. Nxf2 Qxh5+ 47. Nh3 Kg7 48. Kg2 Qd1 49. Nf2 1-0

[Event "Gibraltar Challengers-A"]
[Site "Caleta"]
[Date "2018.01.22"]
[Round "1"]
[White "Gonzalez Gonzalez, Alfonso"]
[Black "Hamer, Martyn"]
[Result "0-1"]
[WhiteElo "2192"]
[BlackElo "2020"]
[PlyCount "118"]
[EventDate "2018.01.22"]
[EventType "swiss"]
[EventRounds "5"]
[EventCountry "GGB"]
[SourceTitle "EXT 2019"]
[Source "ChessBase"]
[SourceDate "2018.10.10"]
[SourceVersion "1"]
[SourceVersionDate "2018.10.10"]
[SourceQuality "1"]

1. d4 Nf6 2. Bg5 Ne4 3. Bh4 c5 4. f3 g5 5. fxe4 gxh4 6. e3 Qb6 7. b3 Bh6 8. Qd3 Nc6 9. c3 d6 10. Nd2 Bd7 11. Ngf3 h3 12. g3 cxd4 13. exd4 e5 14. Nc4 Qc7 15. d5 Ne7 16. Ne3 Rc8 17. Rc1 0-0 18. g4 Ng6 19. g5 Bg7 20. Qd2 f5 21. Bd3 fxe4 22. Bxe4 Rf4 23. Qd3 Rcf8 24. Nd2 Nh4 25. Rg1 Rf2 26. Ng4 Ng2+ 27. Bxg2 Bxg4 28. Bf1 R2f4 29. Bxh3 Qc5 30. Rxg4 Rxg4 31. Bxg4 Qg1+ 32. Nf1 Qxg4 33. Rc2 e4 34. Qe2 Qg1 35. Qc4 Be5 36. a4 e3 37. b4 e2 38. Qxe2 Bxh2 39. Qe6+ Kh8 40. Qh3 Bg3+ 41. Kd2 Qf2+ 42. Kd3 Qxf1+ 43. Qxf1 Rxf1 44. c4 b6 45. c5 bxc5 46. bxc5 dxc5 47. Rxc5 Kg7 48. Rc6 Rf7 49. Re6 Bf4 50. Kc4 Bxg5 51. d6 h5 52. Kd5 h4 53. Re5 Bd8 54. Rh5 Rf8 55. Ke6 Rh8 56. Rb5 h3 57. Rb7+ Kg6 58. Rb3 h2 59. Rg3+ Bg5 0-1

[Event "Sanxenxo Carlos op 9th"]
[Site "Sanxenxo"]
[Date "2017.06.25"]
[Round "9"]
[White "Trigo Urquijo, Sergio"]
[Black "Gonzalez Gonzalez, Alfonso"]
[Result "1-0"]
[WhiteElo "2403"]
[BlackElo "2154"]
[PlyCount "103"]
[EventDate "2017.06.17"]
[EventType "swiss"]
[EventRounds "9"]
[EventCountry "ESP"]
[SourceTitle "CBM 179 Extra"]
[Source "ChessBase"]
[SourceDate "2017.08.23"]
[SourceVersion "1"]
[SourceVersionDate "2017.08.23"]
[SourceQuality "1"]

1. d4 Nf6 2. c4 e6 3. Nc3 Bb4 4. e3 b6 5. Nge2 Bb7 6. a3 Bxc3+ 7. Nxc3 d5 8. cxd5 Nxd5 9. Bb5+ c6 10. Bd3 0-0 11. 0-0 Nd7 12. Ne2 e5 13. e4 Nc7 14. f3 exd4 15. Nxd4 Qf6 16. Nf5 Rfd8 17. Qc2 Ne6 18. Be3 c5 19. f4 c4 20. Bxc4 Rac8 21. b3 g6 22. Nh6+ Kg7 23. f5 Nd4 24. Qf2 Ne5 25. fxg6 Qxf2+ 26. Rxf2 Bxe4 27. Nxf7 Nxf7 28. Bxd4+ Rxd4 29. gxf7 Bg6 30. Re1 Rd7 31. Ref1 Rf8 32. g4 Re7 33. Rf3 Rd7 34. h3 Rd2 35. R1f2 Rd1+ 36. Kh2 Ra1 37. a4 Rd1 38. Re3 Rd7 39. Kg3 Rc7 40. Ref3 Rd7 41. h4 h5 42. g5 Rd1 43. Rf6 Rg1+ 44. Kh2 Rd1 45. Re2 Bd3 46. Re8 Bxc4 47. Rxf8 Kxf8 48. bxc4 Rd4 49. g6 Rxh4+ 50. Kg3 Rg4+ 51. Kh3 Rg1 52. Re6 1-0

[Event "Gibraltar Challenger op-B"]
[Site "Caleta"]
[Date "2017.01.30"]
[Round "3"]
[White "Damia, Angelo"]
[Black "Gonzalez Gonzalez, Alfonso"]
[Result "1-0"]
[WhiteElo "2233"]
[BlackElo "2162"]
[PlyCount "89"]
[EventDate "2017.01.28"]
[EventType "swiss"]
[EventRounds "5"]
[EventCountry "GGB"]
[SourceTitle "EXT 2018"]
[Source "ChessBase"]
[SourceDate "2017.10.13"]
[SourceVersion "1"]
[SourceVersionDate "2017.10.13"]
[SourceQuality "1"]

1. e4 c5 2. Nf3 e6 3. d4 cxd4 4. Nxd4 Nf6 5. Nc3 Bb4 6. e5 Nd5 7. Qg4 g6 8. Ndb5 Nc6 9. Bd2 Nxc3 10. bxc3 Be7 11. h4 Nxe5 12. Qd4 f6 13. h5 d5 14. hxg6 a6 15. Rxh7 Rg8 16. Qh4 Nxg6 17. Qh5 axb5 18. Bd3 f5 19. g4 Qd6 20. Rh6 Kf7 21. Rh7+ Kf8 22. Bxb5 Bd7 23. Bxd7 Qxd7 24. Bg5 Qc7 25. Bxe7+ Qxe7 26. Rxe7 Nxe7 27. g5 Rg7 28. Qh6 Ng8 29. Qh5 Rc8 30. Kd2 Rc4 31. Re1 Ke7 32. Rb1 Rc7 33. Rb6 Kd7 34. Qe2 Rg6 35. Qe5 Ne7 36. Rd6+ Ke8 37. Rb6 Kd7 38. Rd6+ Ke8 39. f4 Rc4 40. Qh8+ Kf7 41. Rd7 Rxf4 42. Qd8 Rxg5 43. Qxe7+ Kg6 44. Qh7+ Kf6 45. Qh6+ 1-0

[Event "Gibraltar Masters 15th"]
[Site "Caleta"]
[Date "2017.01.30"]
[Round "7"]
[White "Gonzalez Gonzalez, Alfonso"]
[Black "Fomani, Medhi"]
[Result "1-0"]
[WhiteElo "2162"]
[BlackElo "2042"]
[PlyCount "46"]
[EventDate "2017.01.24"]
[EventType "swiss"]
[EventRounds "10"]
[EventCountry "GGB"]
[SourceTitle "CBM 177"]
[Source "ChessBase"]
[SourceDate "2017.03.16"]
[SourceVersion "1"]
[SourceVersionDate "2017.03.16"]
[SourceQuality "1"]

1. d4 d5 2. Bg5 g6 3. h4 h6 4. Bf4 Bg7 5. Nc3 c6 6. Qd2 Nf6 7. Nf3 Bf5 8. Ne5 Nbd7 9. f3 h5 10. e3 Nb6 11. 0-0-0 Nfd7 12. g4 Nxe5 13. gxf5 Nec4 14. Qg2 Nd6 15. fxg6 f6 16. Qh2 Nbc4 17. Bxd6 Nxd6 18. e4 dxe4 19. fxe4 Qa5 20. Qh3 Rd8 21. Qe6 Rf8 22. Be2 b5 23. e5 Nc4 1-0

[Event "Gibraltar Challenger op-B"]
[Site "Caleta"]
[Date "2017.01.29"]
[Round "2"]
[White "Clark, Ian C"]
[Black "Gonzalez Gonzalez, Alfonso"]
[Result "0-1"]
[WhiteElo "1969"]
[BlackElo "2162"]
[PlyCount "64"]
[EventDate "2017.01.28"]
[EventType "swiss"]
[EventRounds "5"]
[EventCountry "GGB"]
[SourceTitle "EXT 2018"]
[Source "ChessBase"]
[SourceDate "2017.10.13"]
[SourceVersion "1"]
[SourceVersionDate "2017.10.13"]
[SourceQuality "1"]

1. e4 c5 2. Nf3 a6 3. d4 cxd4 4. Nxd4 Nf6 5. Nc3 e5 6. Nf3 Bb4 7. Bd2 0-0 8. Bd3 Nc6 9. 0-0 d6 10. h3 h6 11. a3 Bc5 12. Ne2 Be6 13. c4 Nh7 14. b4 Ba7 15. Rc1 Ng5 16. Nxg5 hxg5 17. Ng3 g6 18. Be2 Kg7 19. Bg4 f5 20. exf5 gxf5 21. Bf3 e4 22. Bxe4 fxe4 23. Nxe4 g4 24. hxg4 d5 25. Ng5 Bg8 26. cxd5 Qxd5 27. Bc3+ Kg6 28. Nf3 Rad8 29. Qc2+ Qd3 30. Qb2 Rxf3 31. gxf3 Qxf3 32. Be5 Bd5 0-1

[Event "Gibraltar Masters 15th"]
[Site "Caleta"]
[Date "2017.01.29"]
[Round "6"]
[White "Rakesh, Kumar Jena"]
[Black "Gonzalez Gonzalez, Alfonso"]
[Result "1-0"]
[WhiteElo "2335"]
[BlackElo "2162"]
[PlyCount "87"]
[EventDate "2017.01.24"]
[EventType "swiss"]
[EventRounds "10"]
[EventCountry "GGB"]
[SourceTitle "CBM 177"]
[Source "ChessBase"]
[SourceDate "2017.03.16"]
[SourceVersion "1"]
[SourceVersionDate "2017.03.16"]
[SourceQuality "1"]

1. e4 e5 2. Nf3 Nc6 3. Bb5 a6 4. Ba4 d6 5. c3 Bd7 6. 0-0 Nge7 7. d4 Ng6 8. Re1 Be7 9. Nbd2 h6 10. Nf1 Bg5 11. Ng3 Bxc1 12. Rxc1 0-0 13. Bxc6 Bxc6 14. Qd2 Re8 15. Rcd1 Nh4 16. Nxh4 Qxh4 17. d5 Ba4 18. Rc1 g6 19. c4 b6 20. b4 Qf4 21. Qxf4 exf4 22. Nf1 Re7 23. Nd2 Rae8 24. c5 Bb5 25. f3 f5 26. cxb6 cxb6 27. Rc3 Kf7 28. Ra1 Ba4 29. Rac1 Kf6 30. Nc4 fxe4 31. Nxd6 e3 32. Nxe8+ Rxe8 33. Rc8 Re5 34. Rf8+ Kg5 35. h4+ Kh5 36. Rxf4 Rxd5 37. Re4 Rd3 38. Re1 Rd2 39. a3 Bc6 40. R4xe3 Rc2 41. Re6 g5 42. hxg5 hxg5 43. R1e2 Rc3 44. Kh2 1-0

[Event "Gibraltar Challenger op-A"]
[Site "Caleta"]
[Date "2017.01.27"]
[Round "5"]
[White "Paronen, Petteri"]
[Black "Gonzalez Gonzalez, Alfonso"]
[Result "1-0"]
[WhiteElo "2164"]
[BlackElo "2162"]
[PlyCount "129"]
[EventDate "2017.01.23"]
[EventType "swiss"]
[EventRounds "5"]
[EventCountry "GGB"]
[SourceTitle "CBM 176 Extra"]
[Source "ChessBase"]
[SourceDate "2017.03.02"]
[SourceVersion "1"]
[SourceVersionDate "2017.03.02"]
[SourceQuality "1"]

1. e4 e5 2. Nf3 Nc6 3. Bb5 a6 4. Bxc6 dxc6 5. d3 Qe7 6. 0-0 Bg4 7. Be3 Nf6 8. Nbd2 Nd7 9. d4 f6 10. c3 Qe6 11. Qc2 Bd6 12. dxe5 Nxe5 13. Nd4 Qf7 14. f3 Bd7 15. N4b3 Qh5 16. g3 Qh3 17. Bf4 b5 18. Bxe5 fxe5 19. Qd3 0-0 20. Qe3 Rae8 21. Nc5 Bc8 22. a4 Rf6 23. Rf2 Ref8 24. Nd3 h6 25. c4 Qe6 26. b3 Qe8 27. c5 Be7 28. Nxe5 Re6 29. Nd3 Bf6 30. Rd1 Qh5 31. Re1 g5 32. f4 Bc3 33. Ref1 Rd8 34. e5 Bd4 35. Qe4 Ree8 36. f5 Qf7 37. e6 Qf6 38. Nf3 Bxf2+ 39. Nxf2 h5 40. g4 Rd5 41. Qe3 Bxe6 42. Ne4 Qd8 43. fxe6 Rxe6 44. Nfxg5 Rg6 45. h4 Rd1 46. Qf3 Qd4+ 47. Kg2 Rxf1 48. Kxf1 Qa1+ 49. Kg2 Qb2+ 50. Kg3 Qe5+ 51. Kg2 Qb2+ 52. Kg3 Qe5+ 53. Qf4 Qg7 54. gxh5 Rh6 55. Qf5 Qe7 56. a5 Kg7 57. Kg4 Kg8 58. Qc8+ Kg7 59. Ng3 Kf6 60. Qg8 Ke5 61. Nf3+ Kf6 62. Qg5+ Kf7 63. Qxh6 Qxc5 64. Qg6+ Kf8 65. Qf5+ 1-0